书目信息 |
| 题名: |
园林植物培育学
|
|
| 作者: | 陈其兵 主编 | |
| 分册: | ||
| 出版信息: | 北京 中国农业出版社 2007.08 |
|
| 页数: | 275页 | |
| 开本: | 20cm | |
| 丛书名: | ||
| 单 册: | ||
| 中图分类: | S688 | |
| 科图分类: | ||
| 主题词: | 观赏园艺 , 花卉 , 园林树木 | |
| 电子资源: | ||
| ISBN: | 978-7-109-11895-9 | |
| 000 | 00598nam0 2200217 45 | |
| 001 | 2038281716 | |
| 005 | 20200924103930.61 | |
| 010 | @a978-7-109-11895-9@dRMB 32.00 | |
| 100 | @a20200924d2007 km y0chiy0120 ea | |
| 101 | 0 | @achi |
| 102 | @aCN@b110000 | |
| 200 | 1 | @a园林植物培育学@Ayuan lin zhi wu pei yu xue@f陈其兵主编@Fchen qi bing zhu bian |
| 210 | @a北京@c中国农业出版社@d2007.08 | |
| 215 | @a275页@d20cm | |
| 606 | 0 | @a观赏园艺 |
| 606 | 0 | @a花卉 |
| 606 | 0 | @a园林树木 |
| 690 | @aS688@v4 | |
| 701 | 0 | @a陈其兵@Achen qi bing@4主编 |
| 801 | 0 | @aCN@bPFT@c20200924 |
| 905 | @a10447@dS688@eC530 | |
| 园林植物培育学/陈其兵主编.-北京:中国农业出版社,2007.08 |
| 275页;20cm |
| ISBN 978-7-109-11895-9:RMB 32.00 |
| ● |
| 相关链接 |
|
|
|
正题名:园林植物培育学
索取号:S688/C530
 
预约/预借
| 序号 | 登录号 | 条形码 | 馆藏地/架位号 | 状态 | 备注 |
| 1 | 1348398 | 213483988 | 自科库401/401自科库 68排3列5层/ [索取号:S688/C530] | 在馆 |